000 00872cam a2200265 a 4500
001 15508356
005 20180109072651.0
008 081103s2009 nyua b 001 0 eng
010 _a 2008940925
020 _a9780312463410 (instructor's edition)
020 _a0312463413 (instructor's edition)
020 _a9780312463168
020 _a0312463162
040 _aDLC
_cDLC
_dDLC
041 _aeng
080 _a426.8 CLA
082 _2426.8 CLA
100 _a46
101 _aEDU
245 0 0 _aLanguage awareness :
_c[edited by] Paul Eschholz, Alfred Rosa, Virginia Clark.
504 _aIncludes bibliographical references and index.
906 _a7
_bcbc
_corignew
_d2
_eepcn
_f20
_gy-gencatlg
942 _2ddc
_cBK
999 _c39911
_d39911